00990as aa2200145a 44500090002000000245006900020260005700089041001300146942001200159999001700171952016400188952016400352952016400516952016400680 aSERIADASb0108710aDoriana: Annali del Museo Cívico di Storia Naturale "G. Doria" bMuseo Cívico di Storia Naturale "G. Doria"aItalia0 aInglés cREVISTA c16857d16857 001040708HEMEROTECAA1988B6C262aVillabVillad2001-03-16eDesconocidol0oSERIADAS 01087p007364r2015-03-25 00:00:00t1w2015-03-25xDonaciónyREVISTA 001040708HEMEROTECAA1990B6C272aVillabVillad2001-03-16eDesconocidol0oSERIADAS 01087p007365r2015-03-25 00:00:00t1w2015-03-25xDonaciónyREVISTA 001040708HEMEROTECAA1994B6C283aVillabVillad2001-03-16eDesconocidol0oSERIADAS 01087p007366r2015-03-25 00:00:00t1w2015-03-25xDonaciónyREVISTA 001040708HEMEROTECAA1997B6C300aVillabVillad2001-03-16eDesconocidol0oSERIADAS 01087p007367r2015-03-25 00:00:00t1w2015-03-25xDonaciónyREVISTA